Least Corrupt Countries With Exceptions - Statistics

General Stats
  • This quiz has been taken 54 times
  • The average score is 24 of 33
Answer Stats
Rank Score Country % Correct
11 77 Australia
98%
11 77 Canada
93%
19 74 Japan
93%
1 88 New Zealand
93%
3 85 Singapore
93%
25 67 Chile
89%
33 61 South Korea
89%
28 65 Taiwan
89%
35 60 Israel
87%
25 67 United States
87%
30 63 Qatar
83%
21 71 United Arab Emirates
80%
21 71 Uruguay
80%
52 53 Saudi Arabia
78%
42 57 Costa Rica
76%
57 51 Malaysia
76%
49 54 Oman
76%
52 53 Mauritius
74%
27 66 Seychelles
67%
30 63 Bahamas
63%
40 59 Saint Vincent and the Grenadines
63%
29 64 Barbados
61%
52 53 Grenada
59%
45 56 Saint Lucia
59%
41 58 Cape Verde
57%
42 57 Cyprus
57%
48 55 Dominica
57%
45 56 Georgia
57%
35 60 Brunei
54%
35 60 Botswana
52%
24 68 Bhutan
50%
57 51 Namibia
43%
49 54 Rwanda
26%
No matching quizzes found
Score Distribution
Percent of People with Each Score
Percentile by Number Answered
Your Score History
You have not taken this quiz